000 00310nam a2200133Ia 4500
005 20260328101445.0
008 260328s9999||||xx |||||||||||||| ||und||
100 _aAreán, Carlos
245 0 _aComprender la Pintura /
_cCarlos Areán
260 _bTeide
300 _a123 p.
650 _aPINTURA
942 _cBK
999 _c8426
_d8426